Statistics for Random Knowledge Quiz #21

Click here to take the quiz!

General Stats

  • This quiz has been taken 112 times
  • The average score is 8 of 15

Answer Stats

QuestionAnswer% Correct
How many paintings did Van Gogh sell while he was alive?1
95%
What is the only vitamin not found in an egg?Vitamin C
93%
Gene Wilder, Johnny Depp, and Timothee Chamalet all play which Roald Dahl character?Willy Wonka
78%
Which building in New York are you visiting if the zip code is 10118?Empire State Building
75%
What is the only animal that can fly backwards?Hummingbird
72%
Rounded to the nearest full minute, how long does it take for the light from the sun to reach the Earth?8 minutes
68%
Where was Titanic built?Belfast
63%
What is the only food that - if stored correctly - generally doesn't spoil?Honey
57%
What is the smallest ocean?The Arctic Ocean
55%
Live shooting of what animal was once (and only once) an Olympic event?Pigeon
34%
Which long-running reality series is hosted by Jeff Probst?Survivor
28%
What is a duel of three people called?A truel
24%
Where can you find the hill that has the longest name of any place in the world (92 letters)?New Zealand
21%
Which company is largely accused of starting the opioid epidemic in the USA?Purdue Pharma
7%
Name one of the three things a group of frogs is called.An army, a colony, or a congregation
4%

Score Distribution

Percentile by Number Answered

Percent of People with Each Score

Your Score History

You have not taken this quiz